[Event "Stay Safe Play From Home 379"]
[Site "Emanuel Lasker Arena"]
[Date "2020.08.13"]
[Round "7"]
[White "Broken sword"]
[Black "NTBT_DHS"]
[Result "1-0"]
[WhiteElo "2469"]
[BlackElo "2543"]
[Annotator "TA"]
[PlyCount "161"]
[EventDate "2020.08.13"]
[EventType "swiss (blitz)"]

{[%evp 12,161,0,-16,46,0,-7,0,0,0,0,0,-4,-22,4,0,0,-25,-4,-27,0,-16,-7,-3,0,-10,-6,-87,-53,-56,-31,-49,-12,-77,-1,-38,-31,-47,-10,-120,-50,-43,0,-73,-73,-72,-43,-73,-73,-73,-73,-73,-73,-73,-59,-70,-81,-81,-69,-85,-79,-138,-80,-143,-98,-107,-69,-88,-20,-22,0,0,0,0,0,0,0,0,29978,8,29981,320,29984,0,29983,0,0,0,0,0,483,472,378,377,609,594,567,559,521,483,29977,29979,29979,29980,29981,29982,29983,29984,29985,29986,29986,29987,29987,29988,29988,29990,29989,29989,29989,29988,29989,29989,29990,29990,29990,29991,29991,29991,29991,29992,29993,29992,29993,29994,29995,29994,29995,29993,29993,29993,29996,29996,29996,29997,29997,29995,29997,29996,29996,29995,29997,5397]} 1. d4 g6 2. Nf3 Bg7 3. c3 Nf6 4. Bf4 O-O 5. e3 d6 6. h3 c5 7. Nbd2 Be6 {A48: 1 d4 Nf6 2 Nf3 g6: Torre, London and Colle Systems.} (7... cxd4 $11 8. cxd4 (8. exd4 e5 $11) 8... Nc6) 8. Bc4 (8. Bd3 $14) 8... Bxc4 $11 9. Nxc4 b5 {The position is equal.} 10. Ncd2 {[#]} Qb6 $146 ({Predecessor:} 10... Nc6 11. Nb3 Qb6 12. O-O a5 13. d5 a4 14. dxc6 axb3 15. axb3 Qxc6 16. Bg5 Rxa1 17. Qxa1 {0-1 (40) Cano Sevila,I (1864)-Garcia Marin,G (2099) Barcelona 2014}) 11. O-O a5 12. Bg5 Nc6 13. Bxf6 Bxf6 14. Re1 Bg7 15. Rb1 b4 16. Qe2 Rfb8 17. Rec1 a4 {[%cal Ba5a4,Ba4a3][%mdl 32]} 18. dxc5 dxc5 19. c4 (19. cxb4 $11 {remains equal.} cxb4 20. Qd3) 19... Rd8 20. Rd1 a3 21. b3 $1 Na5 22. Ne4 (22. Ne1 $11) 22... Nb7 (22... Rxd1+ $17 23. Qxd1 (23. Rxd1 $2 Nxb3 24. Qd3 Na5 $17) 23... Rd8) 23. Rxd8+ Rxd8 24. Rd1 h6 25. Rd2 (25. Rxd8+ $11 Qxd8 26. Ne1) 25... f5 (25... Rxd2 $1 $17 26. Qxd2 Qe6) 26. Ng3 $15 e5 27. Qd1 (27. e4 $11 {keeps the balance.} f4 28. Nf1) 27... e4 $17 28. Ne1 Bc3 29. Rxd8+ Qxd8 30. Qxd8+ Nxd8 $15 {[%mdl 4096] Endgame KBN-KNN} 31. Nc2 Nc6 32. Ne2 Bb2 33. f3 exf3 34. gxf3 Ne5 $1 35. Kf2 Nd3+ 36. Kg3 (36. Kf1 $142) 36... Be5+ (36... Kf7 $142 37. Kg2 Bf6) 37. Kg2 (37. f4 $142 Bd6 38. Kf3) 37... Kf7 38. f4 Bb2 39. Kf3 {[#]} Kf6 ({Better is} 39... g5 $1 $17) 40. e4 $11 fxe4+ 41. Kxe4 Nf2+ {[%mdl 64] Double Attack} 42. Kf3 Nd1 43. Ne3 Nxe3 44. Kxe3 {KB-KN} Bc1+ $2 {[%mdl 8192]} (44... Ke6 $11) 45. Ke4 $2 (45. Nxc1 Ke6 46. Nd3 Kd6 47. Ke4 Kc6 48. Ke5 Kd7 49. Kf6 g5 50. f5) 45... g5 $2 {[%mdl 8192]} (45... Bd2 $11) 46. fxg5+ $2 (46. Nxc1 gxf4 47. Nd3 f3 48. Kxf3 Kf5 49. Nxc5 Kg6 50. Nb7 h5 51. c5) 46... Kxg5 $2 (46... Bxg5 $18 47. Kd5 Be3) 47. Kf3 $2 (47. Nxc1 h5 48. Kd5 Kh4 49. Kxc5 Kxh3 50. Kxb4 h4 51. c5 Kg2 52. c6) 47... Kh4 $2 {[%mdl 8192]} (47... Bb2 $11) 48. Kg2 $2 (48. Nxc1 {mates} Kg5 49. Ke4 h5 50. Kd5 Kh4 51. Kxc5 Kxh3 52. Kxb4 Kg2 53. c5) 48... Be3 49. Kh2 h5 50. Kg2 Kg5 $2 {[%mdl 8192] White leaves nothing to chance now.} (50... Bh6 $11 {and Black stays safe.}) 51. Kf3 $18 Bd2 {[#]} 52. Ng3 $1 {[%cal Rg3e4] Hoping for Ne4+.} Be1 $2 (52... Bc3 53. Ne4+ {[%mdl 64] Double Attack} Kf5) 53. Ne4+ Kf5 54. Nxc5 Bc3 55. Ne4 Ke5 (55... Bg7 $18 56. Ng3+ Ke5 57. Nxh5 Bf8) 56. Nxc3 {White mates.} bxc3 {KP-KP} 57. Ke3 h4 58. Kd3 Kf4 59. c5 Ke5 60. Kxc3 Kd5 61. b4 {[%cal Bb3b4,Bb4b5][%mdl 32]} Kc6 62. Kc4 Kb7 63. b5 Kc7 64. Kb4 Kb7 65. Kxa3 Kc7 66. Kb4 Kb7 67. Kc4 Kc7 68. Kd5 Kd7 69. a4 Kc7 70. a5 Kb7 71. Ke5 Kc7 72. Ke6 Kb7 73. c6+ Kc7 74. Kd5 Kc8 75. Kd6 Kb8 76. b6 Kc8 77. Ke7 Kb8 78. a6 {[%cal Ba5a6,Ba6a7][%mdl 32]} Ka8 79. Kf6 Kb8 80. Kg5 Kc8 81. a7 {Accuracy: White = 68%, Black = 55%.} 1-0

[Event "Stay Safe Play From Home 379"]
[Site "Emanuel Lasker Arena"]
[Date "2020.08.13"]
[Round "7"]
[White "IceQueen"]
[Black "TheCHESSHOUSE"]
[Result "1-0"]
[WhiteElo "2348"]
[BlackElo "2015"]
[Annotator "TA"]
[PlyCount "109"]
[EventDate "2020.08.13"]
[EventType "swiss (blitz)"]

{[%evp 17,109,39,49,0,23,0,73,36,60,56,59,31,91,27,26,-21,-10,-22,38,1,-3,10,29,29,62,-99,38,-108,45,35,37,-87,56,47,244,0,35,-41,16,-3,84,4,25,0,-4,-44,0,0,53,0,0,-31,-14,-12,0,0,0,-42,-42,-106,0,0,0,0,138,112,225,198,233,150,147,83,269,226,381,371,361,329,29992,29993,29994,29993,29994,29993,29993,29994,29994,29995,29995,29996,29997,29996,29997,29996]} 1. d4 Nf6 2. Nf3 g6 3. c4 Bg7 4. g3 d6 5. Bg2 O-O 6. O-O c6 7. Nc3 Nbd7 8. Re1 Qc7 9. e4 e5 10. Bg5 {E68: King's Indian: Fianchetto: 6...Nbd7 7 0-0 e5 8 e4.} h6 11. Be3 Re8 (11... Ng4 $11) 12. d5 {[#] White is better.} a6 $146 ({Predecessor:} 12... Ng4 13. Qd2 Nxe3 14. Rxe3 h5 15. dxc6 bxc6 16. Rd3 Bf8 17. b4 a5 18. b5 Nc5 19. bxc6 Nxd3 {½-½ (33) Tasan,M (2020)-Yildiz,H (1868) Antalya 2013}) 13. dxc6 bxc6 14. Rc1 Nf8 ({Black should try} 14... Ng4 $14) 15. b4 (15. Qd2 $16) 15... Ne6 16. Qd2 Rb8 17. a3 Kh7 (17... Ng4 $11) 18. Nd5 cxd5 19. cxd5 Qe7 20. dxe6 Bxe6 21. h3 $2 (21. Qd3 $14) 21... Rec8 ({Better is} 21... Nxe4 $17 22. Qe2 d5) 22. Red1 (22. Qd3 $14) 22... Ne8 $2 (22... Nxe4 $17 23. Qd3 d5) 23. Bf1 Qb7 24. Bd3 (24. Qd3 $14 {keeps the upper hand.}) 24... d5 (24... Nf6 $17 25. Qe2 Nxe4 26. Bxa6 Rxc1 27. Rxc1 (27. Bxb7 $2 {is the wrong capture.} Nc3 $19 {[%mdl 64] Double Attack}) 27... Qd7) 25. exd5 $1 $14 Bxd5 $2 {[#]} (25... Rxc1 $14 26. Qxc1 Bxd5 27. Bxa6 Qa8) 26. Ne1 $2 (26. Bxa6 $1 $18 {[%mdl 512]} Qxa6 27. Qxd5) 26... Be6 27. Kh2 (27. Bf1 $14) 27... e4 (27... Bxh3 $15 28. Qe2 Rxc1 29. Bxc1 Bc8) 28. Be2 Rd8 (28... Nc7 $11 {remains equal.}) 29. Qc2 (29. Qxd8 $16 Rxd8 30. Rxd8) 29... Rbc8 30. Qb1 Rxd1 31. Rxd1 Nf6 32. Bd4 Rd8 (32... Bc4 $11 33. Qc2 Bxe2 34. Qxe2 Qb5 35. Qxb5 axb5) 33. Bb2 (33. Nc2 $14) 33... Rxd1 34. Bxd1 Qb6 35. Qc2 Nd5 36. Bxg7 Kxg7 37. Ng2 Qd4 38. Be2 (38. Bg4 $15) 38... Nc3 (38... Qxf2 $17 39. Qxe4 {[#]} Nc3 $1 {[%mdl 512]}) 39. Ne3 Nxe2 40. Qxe2 Qc3 (40... Qf6 $11 {keeps the balance.}) 41. Qxa6 $16 Qd2 (41... Qe1 $16 42. Qf1 Qxf1 43. Nxf1 Kf6) 42. Kg2 $18 h5 43. Qf1 Qb2 44. b5 ({White should play} 44. Qd1) 44... Kh7 $2 (44... h4 $16 {was called for.}) 45. a4 Qa3 $2 (45... h4 {might work better.} 46. gxh4 f5) 46. b6 {Threatens to win with b7.} Qxa4 47. Qb1 {Black must now prevent b7.} Qb5 $2 (47... Bb3 $18 48. Qc1 Qd7) 48. Qxb5 {White mates.} Bd7 49. Qb4 Bxh3+ 50. Kg1 h4 51. b7 hxg3 52. b8=Q gxf2+ 53. Kxf2 Kg7 54. Ke1 Kh6 55. Qc5 {Accuracy: White = 29%, Black = 31%.} 1-0

[Event "Stay Safe Play From Home 379"]
[Site "Emanuel Lasker Arena"]
[Date "2020.08.13"]
[Round "7"]
[White "MihailoVujic"]
[Black "AChessPlayer"]
[Result "0-1"]
[WhiteElo "2239"]
[BlackElo "2497"]
[Annotator "TA"]
[PlyCount "54"]
[EventDate "2020.08.13"]
[EventType "swiss (blitz)"]

{[%evp 9,53,41,65,15,60,0,0,-31,88,85,264,267,267,250,433,433,443,427,370,333,502,220,196,-145,-135,-294,-285,-284,-295,-343,-343,-327,-330,-385,-383,-377,-370,-390,-385,-406,-402,-685,-583,-29998,-29999,-29999]} 1. e4 d6 2. d4 g6 3. Nc3 Bg7 4. Bg5 Nd7 5. Nf3 h6 6. Bh4 {B06: Modern Defence.} c5 {[#]} 7. dxc5 $146 (7. Qd2 $1 $14) ({Predecessor:} 7. Qd2 cxd4 8. Nxd4 Ngf6 9. Be2 a6 10. O-O Nc5 11. Bxf6 Bxf6 12. Nb3 Be6 13. f4 Bxb3 14. axb3 {0-1 (29) Drogilov,A (2149)-Dmitriev,I (2228) Saratov 2015}) 7... Nxc5 $11 8. Bc4 {The position is equal.} Nf6 (8... Bxc3+ $15 {stays ahead.} 9. bxc3 Be6) 9. e5 $16 dxe5 $2 {[#]} (9... Nh5 $16) 10. Qxd8+ $18 ({Inferior is} 10. Nxe5 Be6 $11) 10... Kxd8 11. Nxe5 Kc7 $2 (11... Ke8 12. Bxf7+ {[%mdl 64] Double Attack} Kf8 13. Bxg6 Ng4) 12. Nxf7 Rf8 13. Bg3+ Kb6 14. O-O-O Nfe4 (14... a6 {keeps fighting.} 15. Rhe1 Nh5 16. Nd5+ Ka7 17. Rxe7 Nxg3) 15. Nxe4 (15. Nd5+ $142 Ka5 16. b4+ Ka4 17. bxc5 Rxf7 18. Nc7 Rxf2 19. Bxf2 Nxf2 20. Nxa8) 15... Nxe4 16. Ne5 $2 (16. Bf4 $18) 16... Nxg3 $17 ({Worse is} 16... Nxf2 17. Nxg6 Nxh1 18. Rxh1 $14) 17. Nxg6 $2 (17. Rhe1 $17 Bxe5 18. Rxe5) 17... Nxh1 $19 18. Nxf8 Nxf2 ({Much less strong is} 18... Bxf8 19. Rxh1 e5 20. Re1 $19) 19. Rf1 Bxf8 20. Rxf2 Bg7 21. Rf7 Bf6 22. Rf8 Kc7 23. Be6 Rb8 24. Bxc8 Rxc8 25. Rf7 (25. Rxc8+ $142 Kxc8 26. c4) 25... Rd8 {[#] ( -> ...Bg5+)} 26. Rh7 Bg5+ 27. Kb1 Rd1# {Accuracy: White = 22%, Black = 49%.} 0-1

[Event "Stay Safe Play From Home 379"]
[Site "Emanuel Lasker Arena"]
[Date "2020.08.13"]
[Round "7"]
[White "Lamborghini"]
[Black "Mepe_Nika"]
[Result "1-0"]
[WhiteElo "2233"]
[BlackElo "2341"]
[Annotator "TA"]
[PlyCount "85"]
[EventDate "2020.08.13"]
[EventType "swiss (blitz)"]

{[%evp 9,85,25,86,51,75,32,44,10,67,75,80,77,133,96,133,142,163,139,188,114,174,179,556,545,528,471,662,662,624,472,982,816,794,571,562,555,552,539,1248,544,804,160,729,523,495,495,29998,29999,29999,12836,29994,29995,29995,29996,29996,29997,29998,29999,29999,29997,29998,29999,29999,29996,29996,29996,29996,29995,29997,29997,29997,29998,29998,29997,29998,363,29999,29996]} 1. e4 c6 2. d4 d5 3. Nc3 {[%cal Bb1c3,Bc3e4,Be4g3][%mdl 32]} dxe4 4. Nxe4 Bf5 5. Ng3 e6 {[#]} (5... Bg6 $1 $11 {remains equal.}) 6. h4 $146 {B18: Classical Caro-Kann: 4...Bf5 sidelines.} ({Predecessor:} 6. Nxf5 exf5 7. Nf3 g6 8. Bc4 Qe7+ 9. Qe2 Nd7 10. Bd2 Ngf6 11. Ng5 Nd5 12. O-O-O Qxe2 13. Bxe2 Bg7 {1-0 (60) Heinemann,J (2216)-Schroeder,K (2350) Warsaw 2016}) 6... Nd7 7. Bf4 Ngf6 8. Qd2 {White is slightly better.} Ne4 (8... g6 $11) 9. Nxe4 $14 Bxe4 10. f3 $1 {[%cal Rf3e4]} e5 ({Black should try} 10... Bd5) 11. dxe5 Bf5 12. O-O-O Be7 13. Bc4 b5 14. Bb3 (14. g4 $18) 14... a5 (14... Nc5 $16 {might work better.}) 15. g4 $36 {[%mdl 2048] Keeping Black busy.} a4 $2 {[#]} (15... Be6 {is more resistant.} 16. Bxe6 fxe6) 16. Bxf7+ $1 {[%mdl 512]} Kxf7 17. gxf5 Nc5 (17... Nb6 $142 18. Qg2 Qc8) 18. Qe3 Qc8 19. e6+ Ke8 (19... Nxe6 $142 20. fxe6+ Qxe6 21. Qxe6+ Kxe6) 20. Nh3 Rf8 21. Bd6 Rxf5 22. Bxe7 Kxe7 23. Rhe1 a3 {[#] With the idea ...axb2+.} 24. b3 (24. Rd7+ $142 $1 {[%mdl 512]} Ke8 (24... Nxd7 25. exd7+) 25. b3 Nxb3+ 26. cxb3) 24... Qc7 25. Ng5 $2 (25. b4 $18 {and White stays clearly on top.}) 25... h6 $2 {[#]} (25... Qf4 $16 26. Qxf4 (26. Nxh7 Qxh4 27. Rh1 Qf4 $14) 26... Rxf4) 26. Rd7+ $1 {[%mdl 576] Decoy} Nxd7 27. exd7+ Kxd7 (27... Re5 $18 28. Qxe5+ Qxe5 29. Rxe5+ Kxd7) 28. Qe6+ {[%mdl 64] Double Attack} Kd8 29. Qxf5 (29. Qe8# $142) 29... hxg5 {[%mdl 4096] Endgame KQR-KQR} 30. Qf8+ Kd7 31. Re7+ {[%mdl 64] Double Attack, Skewer} Kd6 32. Re8+ {[%mdl 64] Discovered Attack} Qe7 33. Qxe7+ ({Weaker is} 33. Rxe7 Rxf8 34. Rxg7 gxh4 $15) 33... Kd5 34. Qe4+ Kd6 {[#]} 35. Qe5+ $1 Kd7 36. Qe6+ Kc7 37. Re7+ Kb6 38. Qe3+ {[%mdl 64] Double Attack} Ka6 {[#]} 39. Qc3 $1 Ra7 40. Qxc6+ Ka5 41. Qc3+ b4 {[#]} 42. Re6 $2 (42. Qc5+ $1 {mates} Ka6 43. Rxa7#) 42... Kb5 $2 (42... bxc3 $18 43. hxg5 Rf7) 43. Re5+ {White took control after the opening. Accuracy: White = 54%, Black = 18%.} 1-0

[Event "Stay Safe Play From Home 379"]
[Site "Emanuel Lasker Arena"]
[Date "2020.08.13"]
[Round "7"]
[White "Lazieri3"]
[Black "Haris kollari 13"]
[Result "1-0"]
[WhiteElo "2144"]
[BlackElo "1678"]
[Annotator "NA"]
[PlyCount "85"]
[EventDate "2020.08.13"]
[EventType "swiss (blitz)"]

1. e4 {[%emt 0:00:01]} d6 {[%emt 0:00:01]} 2. Nc3 {[%emt 0:00:00]} e5 {[%emt 0:00:00]} 3. Nf3 {[%emt 0:00:01]} c5 {[%emt 0:00:01]} 4. d4 {[%emt 0:00:00]} cxd4 {[%emt 0:00:01]} 5. Nd5 {[%emt 0:00:00]} Be6 {[%emt 0:00:01]} 6. Bb5+ {[%emt 0:00:00]} Nc6 {[%emt 0:00:02]} 7. c4 {[%emt 0:00:01]} Nf6 {[%emt 0:00:03]} 8. Qe2 {[%emt 0:00:04]} Be7 {[%emt 0:00:03]} 9. O-O {[%emt 0:00:01]} a6 {[%emt 0:00:01]} 10. Bxc6+ {[%emt 0:00:01]} bxc6 {[%emt 0:00:01]} 11. Nb4 {[%emt 0:00:00]} Qc7 {[%emt 0:00:02]} 12. b3 {[%emt 0:00:02]} Bg4 {[%emt 0:00:01]} 13. h3 {[%emt 0:00:01]} Bxf3 {[%emt 0:00:01]} 14. Qxf3 {[%emt 0:00:01]} d5 {[%emt 0:00:01]} 15. cxd5 {[%emt 0:00:02]} Bxb4 {[%emt 0:00:01]} 16. dxc6 {[%emt 0:00:01]} Qxc6 {[%emt 0:00:01]} 17. a3 {[%emt 0:00:01]} Bc3 {[%emt 0:00:01]} 18. Rb1 {[%emt 0:00:01]} O-O {[%emt 0:00:01]} 19. Bg5 {[%emt 0:00:01]} h6 {[%emt 0:00:02]} 20. Bh4 {[%emt 0:00:01]} Nd7 {[%emt 0:00:01]} 21. Rfd1 {[%emt 0:00:02]} Nc5 {[%emt 0:00:01]} 22. b4 {[%emt 0:00:02]} Ne6 {[%emt 0:00:05]} 23. Bg3 {[%emt 0:00:01]} f6 {[%emt 0:00:01]} 24. Qf5 {[%emt 0:00:05]} Ng5 {[%emt 0:00:01]} 25. f3 {[%emt 0:00:07]} Ne6 {[%emt 0:00:02]} 26. f4 {[%emt 0:00:02]} exf4 {[%emt 0:00:02]} 27. Bxf4 {[%emt 0:00:00]} Rae8 {[%emt 0:00:01]} 28. Bg3 {[%emt 0:00:04]} Ng5 {[%emt 0:00:01]} 29. e5 {[%emt 0:00:02]} fxe5 {[%emt 0:00:01]} 30. Qd3 {[%emt 0:00:02]} e4 {[%emt 0:00:01]} 31. Qe2 {[%emt 0:00:01]} e3 {[%emt 0:00:01]} 32. Rd3 {[%emt 0:00:01]} Ne4 {[%emt 0:00:01]} 33. Bh4 {[%emt 0:00:03]} g5 {[%emt 0:00:02]} 34. Be1 {[%emt 0:00:00]} Bxe1 {[%emt 0:00:01]} 35. Rxe1 {[%emt 0:00:00]} Nd2 {[%emt 0:00:01]} 36. Rd1 {[%emt 0:00:02]} Qc4 {[%emt 0:00:01]} 37. R3xd2 {[%emt 0:00:01]} Qxe2 {[%emt 0:00:01]} 38. Rxe2 {[%emt 0:00:00]} Rf6 {[%emt 0:00:02]} 39. Rxd4 {[%emt 0:00:01]} Rf5 {[%emt 0:00:02]} 40. Rd3 {[%emt 0:00:00]} Rfe5 {[%emt 0:00:01]} 41. g4 {[%emt 0:00:00]} Kf7 {[%emt 0:00:01]} 42. Kg2 {[%emt 0:00:00]} Kf6 {[%emt 0:00:01]} 43. Rdxe3 {[%emt 0:00:00] Time Time Time (Lag: Av=0.53s, max=0.8s) (Lag: Av=0.53s, max=0.8s) (Lag: Av=0.53s, max=0.8s)} 1-0

[Event "Stay Safe Play From Home 379"]
[Site "Emanuel Lasker Arena"]
[Date "2020.08.13"]
[Round "7"]
[White "Hickey"]
[Black "Dreamsoldier"]
[Result "1-0"]
[WhiteElo "2113"]
[BlackElo "1254"]
[Annotator "TA"]
[PlyCount "51"]
[EventDate "2020.08.13"]
[EventType "swiss (blitz)"]

{[%evp 9,51,2,12,7,37,-32,984,409,405,387,425,429,433,435,474,464,562,554,591,540,553,530,622,637,641,639,619,594,711,-665,-663,-672,-25,-25,-27,-25,-20,-29,-11,-53,-50,-51,-45,-39]} 1. Nf3 Nf6 2. g3 g6 3. Bg2 Bg7 4. O-O O-O 5. b3 d6 6. Bb2 {A05: Réti Opening: 1 Nf3 Nf6.} Nc6 {[#]} 7. Bxf6 $146 (7. d4 $14) ({Predecessor:} 7. c4 a6 8. Nc3 Rb8 9. Nh4 Bd7 10. Rc1 Na5 11. Nd5 Nxd5 12. Bxg7 Kxg7 13. cxd5 {1-0 (38) Bosboom,M (2418)-Vedder,R (2290) Spakenburg 2019}) 7... e5 $2 {[%mdl 8192] [#]} (7... Bxf6 $15 8. Nc3 e5) 8. Bxg7 (8. Bxd8 $142 e4 9. Ng5 Rxd8 10. Nc3) 8... Kxg7 $18 9. d4 exd4 10. Nxd4 Nxd4 11. Qxd4+ f6 12. Qb2 c5 13. Rd1 Bf5 14. Nd2 Qc7 15. Nc4 d5 16. Ne3 Be6 17. Nxd5 Bxd5 18. Bxd5 Qe5 19. c4 $4 {[%mdl 8192] [#]} (19. Qxe5 $18 fxe5 20. Bxb7) 19... Qxb2 $19 20. Bxb7 Qxa1 $2 ({Better is} 20... Rad8 $19 21. Bd5 Qxe2) 21. Rxa1 {KRR-KRB} Rab8 22. Bd5 Rfe8 23. e4 f5 24. f3 fxe4 25. fxe4 Re5 26. Rf1 {[%mdl 32768] Accuracy: White = 65%, Black = 40%. . Loss on time!?} 1-0

[Event "Stay Safe Play From Home 379"]
[Site "Emanuel Lasker Arena"]
[Date "2020.08.13"]
[Round "7"]
[White "Sfantul321"]
[Black "Stefanone"]
[Result "0-1"]
[WhiteElo "1981"]
[BlackElo "1965"]
[Annotator "NA"]
[PlyCount "92"]
[EventDate "2020.08.13"]
[EventType "swiss (blitz)"]

1. c4 {[%emt 0:00:01]} d6 {[%emt 0:00:01]} 2. Nc3 {[%emt 0:00:00]} e5 {[%emt 0:00:00]} 3. g3 {[%emt 0:00:00]} f5 {[%emt 0:00:00]} 4. Bg2 {[%emt 0:00:00]} Nf6 {[%emt 0:00:00]} 5. d3 {[%emt 0:00:00]} Be7 {[%emt 0:00:00]} 6. e3 {[%emt 0:00:00]} O-O {[%emt 0:00:01]} 7. Nge2 {[%emt 0:00:00]} g6 {[%emt 0:00:01]} 8. O-O {[%emt 0:00:00]} Nc6 {[%emt 0:00:00]} 9. d4 {[%emt 0:00:01]} e4 {[%emt 0:00:01]} 10. d5 {[%emt 0:00:01]} Ne5 {[%emt 0:00:01]} 11. b3 {[%emt 0:00:00]} Nd3 {[%emt 0:00:01]} 12. Nf4 {[%emt 0:00:01]} Nxf4 {[%emt 0:00:01]} 13. exf4 {[%emt 0:00:01]} Ng4 {[%emt 0:00:00]} 14. Bb2 {[%emt 0:00:01]} Bf6 {[%emt 0:00:00]} 15. h3 {[%emt 0:00:01]} Nh6 {[%emt 0:00:01]} 16. Qc2 {[%emt 0:00:02]} Nf7 {[%emt 0:00:01]} 17. Ne2 {[%emt 0:00:01]} Qe7 {[%emt 0:00:01]} 18. Bxf6 {[%emt 0:00:01]} Qxf6 {[%emt 0:00:01]} 19. Rad1 {[%emt 0:00:00]} h6 {[%emt 0:00:01]} 20. Nd4 {[%emt 0:00:01]} a6 {[%emt 0:00:02]} 21. b4 {[%emt 0:00:02]} g5 {[%emt 0:00:01]} 22. fxg5 {[%emt 0:00:01]} Nxg5 {[%emt 0:00:01]} 23. Kh2 {[%emt 0:00:02]} Qg7 {[%emt 0:00:01]} 24. c5 {[%emt 0:00:02]} Kh8 {[%emt 0:00:02]} 25. Qc4 {[%emt 0:00:01]} Rg8 {[%emt 0:00:01]} 26. Rg1 {[%emt 0:00:02]} h5 {[%emt 0:00:03]} 27. Qe2 {[%emt 0:00:04]} Qh7 {[%emt 0:00:01]} 28. f4 {[%emt 0:00:02]} Nf7 {[%emt 0:00:02]} 29. Ne6 {[%emt 0:00:02]} Bxe6 {[%emt 0:00:00]} 30. dxe6 {[%emt 0:00:01]} Nd8 {[%emt 0:00:00]} 31. cxd6 {[%emt 0:00:01]} cxd6 {[%emt 0:00:01]} 32. Rxd6 {[%emt 0:00:01]} Qe7 {[%emt 0:00:02]} 33. Qxh5+ {[%emt 0:00:01]} Qh7 {[%emt 0:00:01]} 34. Qxh7+ {[%emt 0:00:01]} Kxh7 {[%emt 0:00:01]} 35. e7 {[%emt 0:00:00]} Nf7 {[%emt 0:00:02]} 36. Rd7 {[%emt 0:00:00]} Rae8 {[%emt 0:00:01]} 37. g4 {[%emt 0:00:01]} Kg7 {[%emt 0:00:00]} 38. gxf5 {[%emt 0:00:01]} Kf6 {[%emt 0:00:00]} 39. Bxe4 {[%emt 0:00:01]} Rxg1 {[%emt 0:00:02]} 40. Kxg1 {[%emt 0:00:01]} Nh6 {[%emt 0:00:01]} 41. Rxb7 {[%emt 0:00:02]} Nxf5 {[%emt 0:00:01]} 42. Bxf5 {[%emt 0:00:01]} Kxf5 {[%emt 0:00:00]} 43. a4 {[%emt 0:00:02]} Kxf4 {[%emt 0:00:01]} 44. b5 {[%emt 0:00:01]} Rc8 {[%emt 0:00:01]} 45. Kf1 {[%emt 0:00:02]} Ke3 {[%emt 0:00:01]} 46. Ke1 {[%emt 0:00:01]} Rc1# {[%emt 0:00:01] (Lag: Av=0.23s, max=0.8s) (Lag: Av=0.23s, max=0.8s) (Lag: Av=0.23s, max=0.8s)} 0-1

[Event "Stay Safe Play From Home 379"]
[Site "Emanuel Lasker Arena"]
[Date "2020.08.13"]
[Round "7"]
[White "Stepmaker"]
[Black "Mamba2001de"]
[Result "0-1"]
[WhiteElo "1417"]
[BlackElo "1425"]
[Annotator "NA"]
[PlyCount "74"]
[EventDate "2020.08.13"]
[EventType "swiss (blitz)"]

1. d3 {[%emt 0:00:01]} e6 {[%emt 0:00:01]} 2. e4 {[%emt 0:00:00]} d5 {[%emt 0:00:01]} 3. f4 {[%emt 0:00:01]} dxe4 {[%emt 0:00:01]} 4. dxe4 {[%emt 0:00:02]} Qxd1+ {[%emt 0:00:01]} 5. Kxd1 {[%emt 0:00:00]} Nc6 {[%emt 0:00:01]} 6. Bd3 {[%emt 0:00:01]} b6 {[%emt 0:00:01]} 7. Nc3 {[%emt 0:00:00]} Bb7 {[%emt 0:00:01]} 8. Be3 {[%emt 0:00:00]} O-O-O {[%emt 0:00:01]} 9. Nf3 {[%emt 0:00:01]} Nf6 {[%emt 0:00:01]} 10. Ke2 {[%emt 0:00:03]} Ng4 {[%emt 0:00:01]} 11. Bg1 {[%emt 0:00:03]} Nf6 {[%emt 0:00:01]} 12. Be3 {[%emt 0:00:01]} Bc5 {[%emt 0:00:01]} 13. Bxc5 {[%emt 0:00:01]} bxc5 {[%emt 0:00:01]} 14. Rhd1 {[%emt 0:00:01]} c4 {[%emt 0:00:01]} 15. Bxc4 {[%emt 0:00:01]} Na5 {[%emt 0:00:01]} 16. Bb3 {[%emt 0:00:03]} Nxb3 {[%emt 0:00:01]} 17. axb3 {[%emt 0:00:01]} Ng4 {[%emt 0:00:01]} 18. Rxd8+ {[%emt 0:00:01]} Rxd8 {[%emt 0:00:02]} 19. Rxa7 {[%emt 0:00:01]} Kb8 {[%emt 0:00:02]} 20. Ra4 {[%emt 0:00:04]} Nf6 {[%emt 0:00:02]} 21. Rb4 {[%emt 0:00:02]} Kc8 {[%emt 0:00:02]} 22. Na4 {[%emt 0:00:05]} Ba6+ {[%emt 0:00:01]} 23. c4 {[%emt 0:00:04]} c5 {[%emt 0:00:05]} 24. Nxc5 {[%emt 0:00:02]} Rd6 {[%emt 0:00:05]} 25. Nxa6 {[%emt 0:00:02]} Rxa6 {[%emt 0:00:01]} 26. Nd4 {[%emt 0:00:01]} Ng4 {[%emt 0:00:02]} 27. h3 {[%emt 0:00:04]} Nf6 {[%emt 0:00:02]} 28. e5 {[%emt 0:00:03]} Ne4 {[%emt 0:00:02]} 29. Ke3 {[%emt 0:00:01]} Ng3 {[%emt 0:00:01]} 30. Nb5 {[%emt 0:00:04]} Nf5+ {[%emt 0:00:01]} 31. Ke4 {[%emt 0:00:02]} Rc6 {[%emt 0:00:01]} 32. g4 {[%emt 0:00:01]} Ne7 {[%emt 0:00:02]} 33. Nd4 {[%emt 0:00:01]} Rc7 {[%emt 0:00:02]} 34. Nb5 {[%emt 0:00:01]} Rb7 {[%emt 0:00:01]} 35. Nd6+ {[%emt 0:00:01]} Kb8 {[%emt 0:00:01]} 36. Rxb7+ {[%emt 0:00:01]} Ka8 {[%emt 0:00:01]} 37. Rxe7 {[%emt 0:00:00]} f5+ {[%emt 0:00:02] TimeW TimeW TimeW} 0-1

[Event "Stay Safe Play From Home 379"]
[Site "Emanuel Lasker Arena"]
[Date "2020.08.13"]
[Round "7"]
[White "Klasman"]
[Black "Yuriko"]
[Result "0-1"]
[WhiteElo "1296"]
[BlackElo "2020"]
[Annotator "TA"]
[PlyCount "46"]
[EventDate "2020.08.13"]
[EventType "swiss (blitz)"]

{[%evp 9,46,0,7,-38,-36,-31,-27,-37,-27,-54,-51,-58,-14,-64,-68,-76,-27,-87,-47,-66,-19,-154,-141,-302,-296,-311,-243,-231,-226,-326,-296,-410,-276,-288,0,-1093,-841,-979,-963]} 1. f4 d5 2. e3 c5 3. Nf3 Nc6 4. c4 dxc4 5. Bxc4 e6 6. d4 {[#] A03: Bird's Opening with 1...d5.} Nf6 $146 ({Predecessor:} 6... cxd4 7. exd4 Nge7 8. Nc3 Na5 9. Qa4+ Bd7 10. Bb5 Nac6 11. O-O a6 12. Ne4 Nf5 13. Bxc6 Bxc6 {0-1 (52) Katona,I-Guber,P (1785) Hungary 2009}) 7. Nc3 cxd4 8. exd4 {Black has an edge.} Be7 9. h3 O-O 10. Be3 a6 11. O-O b5 12. Bd3 Bb7 13. Ne5 (13. f5 $11) 13... Qb6 14. Qc2 h6 15. g4 (15. Qf2 $11 {keeps the balance.} Nb4 16. Bb1) 15... Nxd4 $17 16. Bxd4 $2 {[#]} (16. Qf2 $17 Bc5 17. Rae1) 16... Qxd4+ $19 17. Kh2 b4 18. Ne2 Qd8 19. Rac1 (19. Rad1 {keeps fighting.} Rc8 20. Qd2) 19... Rc8 ({Not} 19... Qd5 20. Ng3 $19) 20. Qb3 Bd5 21. Qd1 Bb7 $2 ({Black should try} 21... Rxc1 $19 22. Qxc1 Bb7) 22. f5 $2 {[%mdl 8192]} (22. Qb3 $11) 22... Qd5 {[%csl Gb7][%cal Rd5g2] [#]} 23. Nf4 Qxe5 {Accuracy: White = 26%, Black = 49%.} 0-1